| 000 | 00533nam a2200181Ia 4500 | ||
|---|---|---|---|
| 008 | 151018s9999 xx 000 0 und d | ||
| 082 |
_bRBASDV52995 _a920 |
||
| 100 | _aसोमाली माम | ||
| 245 | _aद रोड ऑफ लॉस्ट | ||
| 250 | _b1 | ||
| 260 |
_bक्ष _c2010 |
||
| 300 | _a181 | ||
| 600 | _aसोमाली माम | ||
| 630 | _aद रोड ऑफ लॉस्ट | ||
| 700 | _aसोमाली माम | ||
| 730 | _aद रोड ऑफ लॉस्ट | ||
| 942 | _cBOOK | ||
| 999 |
_c1051301 _d1051298 |
||